All Premier League winners - Statistics

General Stats
  • This quiz has been taken 181 times
    38 since last reset
  • The average score is 107 of 126
Answer Stats
Season Winner % Correct
1954-55 | 2004-05 | 2005-06 | +3 others Chelsea
100%
1900-01 | 1905-06 | 1921-22 | +17 others Liverpool
100%
1936-37 | 1967-68 | 2011-12 | +7 others Manchester City
100%
1907-08 | 1910-11 | 1951-52 | +17 others Manchester United
100%
1930-31 | 1932-33 | 1933-34 | +10 others Arsenal
96%
1950-51 | 1960-61 Tottenham Hotspur
96%
1890-91 | 1914-15 | 1927-28 | +6 others Everton
93%
2015-16 Leicester City
93%
1904-05 | 1906-07 | 1908-09 | 1926-27 Newcastle United
89%
1977-78 Nottingham Forest
89%
1893-94 | 1895-96 | 1896-97 | +4 others Aston Villa
82%
1911-12 | 1913-14 | 1994-95 Blackburn Rovers
79%
1968-69 | 1973-74 | 1991-92 Leeds United
64%
1891-92 | 1892-93 | 1894-95 | +3 others Sunderland
61%
1953-54 | 1957-58 | 1958-59 Wolverhampton Wanderers
57%
1920-21 | 1959-60 Burnley
54%
1961-62 Ipswich Town
54%
1888-89 | 1889-90 Preston North End
46%
1919-20 West Bromwich Albion
46%
1897-98 Sheffield United
43%
1971-72 | 1974-75 Derby County
39%
1948-49 | 1949-50 Portsmouth
39%
1902-03 | 1903-04 | 1928-29 | 1929-30 Sheffield Wednesday
39%
1923-24 | 1924-25 | 1925-26 Huddersfield Town
29%
No matching quizzes found
Score Distribution
Percent of People with Each Score
Percentile by Number Answered
Your Score History
You have not taken this quiz since the last reset